Migranti a ich asimilácia na Slovensku

Zhodnotenie vybraných poznatkov o fenoméne migrácia, posúdenie efektov modelov asimilácie, analýza súčasných prejavov legálnej a ilegálnej formy migrácie v SR. Autorka analyzuje modely integrácie cudzincov - asimilačný model, etnicko-exkluzivistický model a multikulturálny model. Informácie o slabýc...

Descrizione completa

Salvato in:
Dettagli Bibliografici
Autore principale: Antalová, Mária, 1952-
Natura: Capitolo di libro
Lingua:slovacco
Soggetti:
Tags: Aggiungi Tag
Nessun Tag, puoi essere il primo ad aggiungerne!!

MARC

LEADER 00000naa$a2200000$$$4500
001 0226042
005 20240502103053.2
041 0 |a slo 
044 |a SK 
245 1 0 |a Migranti a ich asimilácia na Slovensku  |c Mária Antalová 
520 |a Zhodnotenie vybraných poznatkov o fenoméne migrácia, posúdenie efektov modelov asimilácie, analýza súčasných prejavov legálnej a ilegálnej formy migrácie v SR. Autorka analyzuje modely integrácie cudzincov - asimilačný model, etnicko-exkluzivistický model a multikulturálny model. Informácie o slabých stránkach migračnej politiky. 
610 2 0 |a migrácia 
610 2 0 |a migrácia nelegálna 
610 2 0 |a cudzinci 
610 2 0 |a asimilácia 
610 2 0 |a politika migračná 
100 1 |a Antalová, Mária, 1952-